Structural Analysis and Design of Tall Buildings : (Record no. 16494)
[ view plain ]
| 000 -LEADER | |
|---|---|
| fixed length control field | 01073cam a2200241 a 4500 |
| 001 - CONTROL NUMBER | |
| control field | 16852077 |
| 005 - DATE AND TIME OF LATEST TRANSACTION | |
| control field | 20120113113433.0 |
| 008 - FIXED-LENGTH DATA ELEMENTS--GENERAL INFORMATION | |
| fixed length control field | 110701s2012 lauaf b 001 0 eng |
| 020 ## - INTERNATIONAL STANDARD BOOK NUMBER | |
| International Standard Book Number | 9781439850893 (hbk. : alk. paper) |
| 040 ## - CATALOGING SOURCE | |
| Original cataloging agency | DLC |
| Transcribing agency | DLC |
| Modifying agency | DLC |
| 082 00 - DEWEY DECIMAL CLASSIFICATION NUMBER | |
| Classification number | 690.383 |
| Edition number | 23 |
| Item number | TAR |
| 100 1# - MAIN ENTRY--PERSONAL NAME | |
| Personal name | Taranath, Bungale S. |
| 9 (RLIN) | 29025 |
| 245 10 - TITLE STATEMENT | |
| Title | Structural Analysis and Design of Tall Buildings : |
| Remainder of title | Steel and Composite Construction / |
| Statement of responsibility, etc | Bungale S. Taranath. |
| 260 ## - PUBLICATION, DISTRIBUTION, ETC. (IMPRINT) | |
| Place of publication, distribution, etc | Boca Raton : |
| Name of publisher, distributor, etc | CRC/Taylor & Francis, |
| Date of publication, distribution, etc | c2012. |
| 300 ## - PHYSICAL DESCRIPTION | |
| Extent | liii, 625 p. : |
| Other physical details | ill. (some col.), plates ; |
| Dimensions | 27 cm. |
| 504 ## - BIBLIOGRAPHY, ETC. NOTE | |
| Bibliography, etc | Includes bibliographical references (621-624) and index. |
| 650 #0 - SUBJECT ADDED ENTRY--TOPICAL TERM | |
| Topical term or geographic name as entry element | Tall buildings |
| General subdivision | Design and construction. |
| 9 (RLIN) | 29026 |
| 650 #0 - SUBJECT ADDED ENTRY--TOPICAL TERM | |
| Topical term or geographic name as entry element | Structural analysis (Engineering) |
| 9 (RLIN) | 29027 |
| 653 ## - INDEX TERM--UNCONTROLLED | |
| Resource For college | |
| Arrived date list | February2012 |
| 942 ## - ADDED ENTRY ELEMENTS (KOHA) | |
| Source of classification or shelving scheme | Dewey Decimal Classification |
| Item type | Book - Borrowing |
| Withdrawn status | Item status | Source of classification or shelving scheme | Damaged status | Not for loan | Vendor | Home library | Current library | Shelving location | Date acquired | Source of acquisition | Cost, normal purchase price | Serial Enumeration / chronology | Total Checkouts | Total Renewals | Full call number | Barcode | Date last seen | Date last borrowed | Koha item type |
|---|---|---|---|---|---|---|---|---|---|---|---|---|---|---|---|---|---|---|---|
| Dewey Decimal Classification | Alahram | Central Library | Central Library | First floor | 20/02/2012 | 950.00 | 682 | 1 | 29 | 690.383 TAR | 000026154 | 15/07/2025 | 03/04/2019 | Book - Borrowing |